| 000 | 00545nam a2200193Ia 4500 | ||
|---|---|---|---|
| 005 | 20251121222604.0 | ||
| 008 | 230125s9999 xx 000 0 und d | ||
| 020 | _a9788184958676 | ||
| 041 | _aeng | ||
| 082 |
_a658 _bRAN |
||
| 100 |
_aRandhawa J _9215393 |
||
| 245 |
_aThe Bright Idea Box _bProvan system to drive employee engagement |
||
| 260 |
_c2016 _bJaico Publishing House _aMumbai |
||
| 300 | _a257p | ||
| 500 | _aPersonality Development | ||
| 650 |
_aPersonality Development _9213420 |
||
| 700 |
_aRandhawa J _9215393 |
||
| 942 | _cBK | ||
| 999 |
_c94485 _d94485 |
||